Αναμένοντας το τέλος του κόσμου τον 17ο αιώνα : ο εβραίος μεσσίας και ο μέγας διερμηνέας

Αποθηκεύτηκε σε:
Λεπτομέρειες βιβλιογραφικής εγγραφής
Κύριος συγγραφέας: Κουτζακιώτης, Γεώργιος, 1970-
Μορφή: Βιβλίο
Γλώσσα:Greek
Δημοσίευση: Αθήνα : Ινστιτούτο Νεοελληνικών Ερευνών/Εθνικό Ίδρυμα Ερευνών, 2011.
Σειρά:Βιβλιοθήκη ιστορίας των ιδεών
Θέματα:
Ετικέτες: Προσθήκη ετικέτας
Δεν υπάρχουν, Καταχωρήστε ετικέτα πρώτοι!

MARC

LEADER 00000cam a2200000 a 4500
001 1/109914
008 160215s2011####gr | ||| |||||||gre||
020 |a 9789609538022  
040 |a GR-MyUa  |b gre  |c GR-MyUa  |e AACR2 
041 1 |a gre 
082 7 |a 296.336   |2 (23)  
100 1 |a Κουτζακιώτης, Γεώργιος,   |d 1970- 
245 1 0 |a Αναμένοντας το τέλος του κόσμου τον 17ο αιώνα :   |b ο εβραίος μεσσίας και ο μέγας διερμηνέας /   |c Γιώργος Κουτζακιώτης ; πρόλογος Πασχάλης Μ. Κιτρομηλίδης.  
260 |a Αθήνα :   |b Ινστιτούτο Νεοελληνικών Ερευνών/Εθνικό Ίδρυμα Ερευνών,   |c 2011.  
300 |a 254 σ. ;   |c 25 εκ.  
490 1 |a (Ινστιτούτο Νεοελληνικών Ερευνών/Ε.Ι.Ε ;   |v 120) 
490 1 |a (Βιβλιοθήκη ιστορίας των ιδεών ;   |v 8)  
500 |a Περίληψη στα αγγλικά.  
504 |a Περιέχει βιβλιογραφία (σ. [219]-236) και ευρετήριο.  
600 1 0 |a Shabbethai Tzevi,   |d 1626-1676. 
650 0 |a Sabbathaians. 
650 0 |a Jewish messianic movements. 
650 0 |a Messia  |x Judaism. 
650 0 |a Jews  |x History  |y 70-1789. 
830 0 |a Βιβλιοθήκη ιστορίας των ιδεών 
852 |a INST  |b LESVOS  |e 20160215  |h 296.336 ΚΟΥ  |p 005100057673  |q 005100057673  |t BK  |y 0 
970 |a Τζαφέρη  |b Ευαγγελία  |z 15-02-2016